<?xml version="1.0" encoding="UTF-8"?>
<collection xmlns="http://www.loc.gov/MARC21/slim">
 <record>
  <leader>05350cam a2200481Ia 4500</leader>
  <controlfield tag="001">on1157980235</controlfield>
  <controlfield tag="003">OCoLC</controlfield>
  <controlfield tag="005">20210722024858.0</controlfield>
  <controlfield tag="006">m     o  d        </controlfield>
  <controlfield tag="007">cr un|||||||||</controlfield>
  <controlfield tag="008">200605s2020    ne      o     000 0 eng d</controlfield>
  <datafield tag="040" ind1=" " ind2=" ">
   <subfield code="a">COO</subfield>
   <subfield code="b">eng</subfield>
   <subfield code="c">COO</subfield>
   <subfield code="d">OPELS</subfield>
   <subfield code="d">UKAHL</subfield>
   <subfield code="d">DKU</subfield>
   <subfield code="d">N$T</subfield>
   <subfield code="d">YDX</subfield>
   <subfield code="d">EBLCP</subfield>
   <subfield code="d">SNM</subfield>
   <subfield code="d">OCLCF</subfield>
   <subfield code="d">UKMGB</subfield>
  </datafield>
  <datafield tag="015" ind1=" " ind2=" ">
   <subfield code="a">GBC073155</subfield>
   <subfield code="2">bnb</subfield>
  </datafield>
  <datafield tag="016" ind1="7" ind2=" ">
   <subfield code="a">019812038</subfield>
   <subfield code="2">Uk</subfield>
  </datafield>
  <datafield tag="019" ind1=" " ind2=" ">
   <subfield code="a">1156990586</subfield>
   <subfield code="a">1157080680</subfield>
   <subfield code="a">1164438781</subfield>
  </datafield>
  <datafield tag="020" ind1=" " ind2=" ">
   <subfield code="a">0128190264</subfield>
   <subfield code="q">(Proquest Ebook Central)</subfield>
  </datafield>
  <datafield tag="020" ind1=" " ind2=" ">
   <subfield code="a">9780128190265</subfield>
   <subfield code="q">(electronic bk.)</subfield>
  </datafield>
  <datafield tag="020" ind1=" " ind2=" ">
   <subfield code="z">9780128190258</subfield>
  </datafield>
  <datafield tag="020" ind1=" " ind2=" ">
   <subfield code="z">0128190256</subfield>
   <subfield code="q">(Paper)</subfield>
  </datafield>
  <datafield tag="035" ind1=" " ind2=" ">
   <subfield code="a">(OCoLC)1157980235</subfield>
   <subfield code="z">(OCoLC)1156990586</subfield>
   <subfield code="z">(OCoLC)1157080680</subfield>
   <subfield code="z">(OCoLC)1164438781</subfield>
  </datafield>
  <datafield tag="050" ind1=" " ind2="4">
   <subfield code="a">TD192.5</subfield>
   <subfield code="b">.B56 2020eb</subfield>
  </datafield>
  <datafield tag="082" ind1="0" ind2="4">
   <subfield code="a">628.5</subfield>
   <subfield code="2">23</subfield>
  </datafield>
  <datafield tag="245" ind1="0" ind2="0">
   <subfield code="a">Bioremediation of pollutants :</subfield>
   <subfield code="b">from genetic engineering to genome engineering /</subfield>
   <subfield code="c">edited by Vimal Chandra Pandey, Vijai Singh.</subfield>
  </datafield>
  <datafield tag="260" ind1=" " ind2=" ">
   <subfield code="a">Amsterdam :</subfield>
   <subfield code="b">Elsevier</subfield>
   <subfield code="c">2020.</subfield>
  </datafield>
  <datafield tag="300" ind1=" " ind2=" ">
   <subfield code="a">1 online resource.</subfield>
  </datafield>
  <datafield tag="336" ind1=" " ind2=" ">
   <subfield code="a">text</subfield>
   <subfield code="2">rdacontent</subfield>
  </datafield>
  <datafield tag="337" ind1=" " ind2=" ">
   <subfield code="a">computer</subfield>
   <subfield code="2">rdamedia</subfield>
  </datafield>
  <datafield tag="338" ind1=" " ind2=" ">
   <subfield code="a">online resource</subfield>
   <subfield code="2">rdacarrier</subfield>
  </datafield>
  <datafield tag="588" ind1=" " ind2=" ">
   <subfield code="a">Description based on print version record.</subfield>
  </datafield>
  <datafield tag="505" ind1="8" ind2="0">
   <subfield code="g">Part I:</subfield>
   <subfield code="t">Phytoremediation:</subfield>
   <subfield code="g">1</subfield>
   <subfield code="t">Phytoremediation : a holistic approach for remediation of heavy metals and metalloids /</subfield>
   <subfield code="r">Sumya Pathak, Aditya Vikram Agarwal and Vimal Chandra Pandey --</subfield>
   <subfield code="g">2.</subfield>
   <subfield code="t">Role of potential native weeds and grasses for phytoremediation of endocrine-disrupting pollutants discharged from pulp paper industry waste /</subfield>
   <subfield code="r">Pooja Sharma, Surendra Pratap Singh, Nitin Kumar Singh et al. --</subfield>
   <subfield code="g">3.</subfield>
   <subfield code="t">Transgenic plants in phytoremediation of organic pollutants /</subfield>
   <subfield code="r">Santosh Kumar Mishra, Priya Ranjan Kumar and Ravi Kant Singh --</subfield>
   <subfield code="g">4.</subfield>
   <subfield code="t">Progress, prospects, and challenges of genetic engineering in phytoremediation /</subfield>
   <subfield code="r">Shweta Jha --</subfield>
   <subfield code="g">5.</subfield>
   <subfield code="t">Recent advances in phytoremediation using genome engineering CRISPR-Cas9 technology /</subfield>
   <subfield code="r">Pallavi Saxena, Nitin Kumar Singh, Tara Chand Yadav et al.</subfield>
  </datafield>
  <datafield tag="505" ind1="8" ind2="0">
   <subfield code="g">Part II:</subfield>
   <subfield code="t">Microbial remediation:</subfield>
   <subfield code="g">6.</subfield>
   <subfield code="t">Endophytes : the hidden world for agriculture, ecosystem, and environmental sustainability /</subfield>
   <subfield code="r">Shubhi Srivastava, Madhubanti Chaudhuri and Vimal Chandra Pandey --</subfield>
   <subfield code="g">7.</subfield>
   <subfield code="t">Engineering bacterial aromatic dioxygenase genes to improve bioremediation /</subfield>
   <subfield code="r">Vachaspati Mishra, S. Veeranna and Jitendra Kumar --</subfield>
   <subfield code="g">8.</subfield>
   <subfield code="t">Microbial remediation progress and future prospects /</subfield>
   <subfield code="r">Monu Jariyai, Manish Yadav, Arti Thanki et al. --</subfield>
   <subfield code="g">9.</subfield>
   <subfield code="t">Development of biologically-based activated carbon for advanced water and wastewater treatment process /</subfield>
   <subfield code="r">Ravi Kant Singh, Santosh Kumar Mishra, Priya Ranjan Kumar et al. --</subfield>
   <subfield code="g">10.</subfield>
   <subfield code="t">The role of microorganism in bioremediation for sustainable environment management /</subfield>
   <subfield code="r">Arun Kumar Pal, Jyotsna Singh, Pradeep Kumar et al. --</subfield>
   <subfield code="g">11.</subfield>
   <subfield code="t">Bioreactor and bioprocess technology for bioremediation of domestic and municipal wastewater /</subfield>
   <subfield code="r">Nitin Kumar Singh, Siddhartha Pandey, Tarun Kumar et al. --</subfield>
   <subfield code="g">12.</subfield>
   <subfield code="t">Metagenomics approach for bioremediation : challenges and perspectives /</subfield>
   <subfield code="r">Indra Mani --</subfield>
   <subfield code="g">13.</subfield>
   <subfield code="t">Microbial bioremediation of industrial effluents and pesticides /</subfield>
   <subfield code="r">Gargi Bhattacharjee, Nisarg Gohil, Vijai Singh et al. --</subfield>
   <subfield code="g">14.</subfield>
   <subfield code="t">Synthetic biology approaches for bioremediation /</subfield>
   <subfield code="r">Gargi Bhattacharjee, Nisarg Gohil and Vijai Singh --</subfield>
   <subfield code="g">15.</subfield>
   <subfield code="t">Microbial indicators and biosensors for bioremediations /</subfield>
   <subfield code="r">Ankita Chaurasia, Nihal Mohammed, Heykel Trabelsi et al. --</subfield>
   <subfield code="g">16.</subfield>
   <subfield code="t">Biosurfactant-based bioremediation /</subfield>
   <subfield code="r">Simranjeet Singh, Vijay Kumar, Joginder Singh et al. --</subfield>
   <subfield code="g">17.</subfield>
   <subfield code="t">Engineered bacteria for bioremediation /</subfield>
   <subfield code="r">Gaurva Sanghvi, Arti Thanki, Nitin Kumar Singh et al. --</subfield>
   <subfield code="g">18.</subfield>
   <subfield code="t">Biofilm in bioremediation /</subfield>
   <subfield code="r">Indra Mani</subfield>
  </datafield>
  <datafield tag="505" ind1="8" ind2="0">
   <subfield code="g">19.</subfield>
   <subfield code="t">Genetic engineering appraoches for detecting environmental pollutants /</subfield>
   <subfield code="r">Nisarg Gohil, Gargi Bhattacharjee and Vijai Singh --</subfield>
   <subfield code="g">20.</subfield>
   <subfield code="t">Current status, challenges and future of bioremediation /</subfield>
   <subfield code="r">Gajendra Singh Vishwakarma, Gargi Bhattacharjee, Vijai Singh --</subfield>
   <subfield code="g">21.</subfield>
   <subfield code="t">Engineered microbes and evolving plastic bioremediation technology /</subfield>
   <subfield code="r">Alka Kumari and Doongar R. Chaudhary.</subfield>
  </datafield>
  <datafield tag="520" ind1=" " ind2=" ">
   <subfield code="a">Bioremediation of Pollutants: From Genetic Engineering to Genome Engineering provides insights into genetic and genome engineering strategies in bioremediation, covering a wide range of microorganisms that are key to the removal of pollutants. The book includes discussions on root engineering, transgenic plants, metagenomics, bioreactors, molecular biology tools, genome editing, synthetic biology, microbial indicators, biosurfactants, biofilms, genetically modified organisms, and engineered fungi and bacteria. Presented by top experts in the field, this resource captures the essence and diversity of bioremediation methodologies in a single source. Students and beginners in environmental science, researchers, soil scientists, genetic and genome engineers, stakeholders and policymakers interested in improving this rapidly growing area of research will find this resource extremely useful. --</subfield>
   <subfield code="c">Provided by publisher.</subfield>
  </datafield>
  <datafield tag="650" ind1=" " ind2="0">
   <subfield code="a">Bioremediation.</subfield>
  </datafield>
  <datafield tag="650" ind1=" " ind2="0">
   <subfield code="a">Pollution.</subfield>
  </datafield>
  <datafield tag="650" ind1=" " ind2="7">
   <subfield code="a">Bioremediation</subfield>
   <subfield code="2">fast</subfield>
   <subfield code="0">(OCoLC)fst00832694</subfield>
  </datafield>
  <datafield tag="650" ind1=" " ind2="7">
   <subfield code="a">Pollution</subfield>
   <subfield code="2">fast</subfield>
   <subfield code="0">(OCoLC)fst01070069</subfield>
  </datafield>
  <datafield tag="655" ind1=" " ind2="0">
   <subfield code="a">Electronic books.</subfield>
  </datafield>
  <datafield tag="655" ind1=" " ind2="4">
   <subfield code="a">Electronic books.</subfield>
  </datafield>
  <datafield tag="700" ind1="1" ind2=" ">
   <subfield code="a">Pandey, Vimal Chandra.</subfield>
  </datafield>
  <datafield tag="700" ind1="1" ind2=" ">
   <subfield code="a">Singh, Vijai.</subfield>
  </datafield>
  <datafield tag="776" ind1="0" ind2="8">
   <subfield code="i">Print version:</subfield>
   <subfield code="z">9780128190265</subfield>
  </datafield>
  <datafield tag="856" ind1="4" ind2="0">
   <subfield code="3">ScienceDirect</subfield>
   <subfield code="u">https://www.sciencedirect.com/science/book/9780128190258</subfield>
  </datafield>
 </record>
</collection>
